MDQL
is popping MORE tags! Check the
thread
!
Quizzes
Events
Quiz Creation
Community
Videos
Private Events
Remove Ads
Sign In
Join for FREE
Feedback
Dark Mode
Quiz Categories
Sports
Geography
Music
Movies
Television
Just For Fun
Miscellaneous
History
Literature
Language
Science
Gaming
Entertainment
Religion
Holiday
For Kids
Quiz Lab
Recent
Popular Today
Quiz Kudos Today
Editor Picks
Curator Picks
Quizzes by...
Day
Popularity
Type
Ratings
Length
Year
Community
Subscriptions
Recent Discussions
Orange Saloon
Badges
Playlists
Quests
Create
Leaderboards
Showdown
Live 5
Trivia Bingo
Activity
Puzzle Library
Sporcle Events
Private Events
Virtual Trivia
Globe League
Become a Host
Pub Owners
SporcleCon
Opinionation
Our Games
Videos
Blog
Mobile Apps
Partnerships
Remove Ads and Go Orange
Feedback
Sports
Athletes
MLB
NBA
NHL
NFL
Soccer
Sports Teams
WWE
NCAA
Football
Premier League
Basketball
Baseball
Hockey
Golf
Tennis
Cricket
Rugby
Auto Racing
Olympics
World Cup
Sports
Athletes
MLB
NBA
NHL
NFL
Soccer
Sports Teams
WWE
NCAA
Football
Premier League
Basketball
Baseball
Hockey
Golf
Tennis
Cricket
Rugby
Auto Racing
Olympics
World Cup
Random Quiz
Search Sporcle
×
Quiz Lab
Quiz Lab
Sports
Baseball
Type in answers that appear in a list
Type in answers that appear in a list
Classic
Best Score? Go Orange.
MLB No-Hitters Since 2000 Stats
Can you name the pitchers who have thrown a no-hitter this past decade?
By
Mikniks
6m
24 Questions
302 Plays
302 Plays
302 Plays
Comments
Comments
Give Quiz Kudos
Give Quiz Kudos
-
- Ratings
hide this ad
More Info
Replay
Link that replays current quiz
Next Quiz
Link to next quiz in quiz playlist
You Got
0%
They Got
Avg Score
67%
Avg Friend Score
Upgrade to see
Score Distribution
Jump to the score distribution portion of the page
Score
0/24
Timer
06:00
0
Plays Today
Date (Teams)
Name
% Correct
October 6th, 2010 (PHI vs CIN)
Roy Halladay
97%
May 29th, 2010 (PHI vs FLA)
Roy Halladay
97%
May 18th, 2004 (ARI vs ATL)
Randy Johnson
89.7%
July 23rd, 2009 (CHW vs TB)
Mark Buehrle
86.4%
June 12th, 2007 (DET vs MIL)
Justin Verlander
84.1%
May 9th, 2010 (OAK vs TB)
Dallas Braden
83.1%
May 19th, 2008 (BOS vs KC)
Jon Lester
82.8%
April 17th, 2010 (COL vs ATL)
Ubaldo Jimenez
82.5%
July 10th, 2009 (SF vs SD)
Jonathan Sanchez
76.5%
June 25th, 2010 (ARI vs TB)
Edwin Jackson
76.2%
July 26th, 2010 (TB vs DET)
Matt Garza
75.8%
September 14th, 2008 (CHC vs HOU)
Carlos Zambrano
74.5%
Date (Teams)
Name
% Correct
April 18th, 2007 (CHW vs TEX)
Mark Buehrle
70.5%
September 6th, 2006 (FLA vs ARI)
Anibal Sanchez
70.5%
September 1st, 2007 (BOS vs BAL)
Clay Buchholz
63.9%
June 11th, 2003 (HOU vs NYY) (Name 1 of 5 dudes)
Roy Oswalt, Peter Munro, Kirk Saarloos, Octavio Dotel, Billy Wagner
58.3%
April 27th, 2002 (BOS vs TB)
Derek Lowe
57.9%
(BONUS #3) June 2nd, 2010 (DET vs CLE) (Jim Joyce said no to no-
no)
Armando Galarraga
52%
May 12th, 2001 (FLA vs SD)
A.J. Burnett
50%
April 4th, 2001 (BOS vs BAL)
Hideo Nomo
44.7%
April 27th, 2003 (PHI vs SF)
Kevin Millwood
37.7%
September 3rd, 2001 (STL vs SD)
Bud Smith
37.4%
(BONUS #2) September 4th, 1993 (NYY vs CLE)
Jim Abbott
31.1%
(BONUS #1) September 11th, 1999 (MIN vs ANA)
Eric Milton
28.8%
Quiz Playlist
Details
Report
Send in Message
Add To Playlist
More Info:
No, they didn't all happen against the Rays.
Classic:
Type in answers that appear in a list
Last Updated: Feb 16, 2017
Quiz Scoreboard
CHALLENGE
Sign Up to Join the Scoreboard
Show All
Scores
Hide
Comments
May contain spoilers
Recently Published
Holiday 10x10 Sorting Gallery
by lukepisani3
Holiday
15m
Two Season TV Shows II
by 123Four
Television
10m
Image Sorting: Flags VI
by Barbecue
Geography
2m
More to Explore
Quiz From the Vault
Featured Blog Post
14 Easter Pick-up Lines to Find Eggs With
hide this ad
You Might Also Like...
Tags
Baseball Quiz
Decade Quiz
MLB Quiz
2000
date
No-hitter
Nonbitter
past
Pitchers
team
Thrown
tidbit
Today's Top Quizzes in Sports
Browse Sports
hide this ad
Today's Top Quizzes in Baseball
Browse Baseball
Top Contributed Quizzes in Sports
1
Les meilleurs buteurs des matchs entre le PSG et l’OM
2
Les entraîneurs de l'OM et du PSG au 21e siècle
3
2022 World Cup Stars
4
Players with Multiple 50 Home Run Seasons
5
Les joueurs passés par le PSG et l'OM
6
FIFA Club World Cup Champions
7
Top 10 NHL Goal Scorers of All Time
8
Criteria MLB: Left Handed Sluggers
9
Les joueurs passés par le LOSC et le RC Lens
10
2023 MLB Unique Player Accomplishments
Explore More
Trending Topics
Anime
Harry Potter
Marvel
NBA
Crossword
Kpop
Disney
Song
The Office
Soccer
WWE
Pokémon
Country
Puzzle
NFL
hide this ad
More By:
Mikniks
Quiz
Plays
Rating
Category
Featured
Created
NFL Quarterback ABC's
5,713
3.02
Sports
Dec 15, 2010
Famous NFL Plays (Fill-in-the-Blank)
3,898
4.19
Sports
Dec 7, 2010
NFL Backup Quarterbacks (Opening Day 2010)
2,889
4.50
Sports
Dec 6, 2010
Pokemon by Pokedex Description (Red/Blue)
1,459
3.57
Gaming
Dec 7, 2010
Most Dangerous Animals (Deaths per Year)
1,138
3.56
Science
Dec 16, 2010
Go to Creator's Profile
Score Distribution
Quiz Creator Spotlight
Mikniks
Follow
Send a Message
Quizzes Created
-
Created Quiz Play Count
-
More By This Creator
Popular Quizzes Today
1
Find the US States - No Outlines Minefield
2
Colored Red Africa Blitz
3
Find the 'City' Movie
4
The Countries of the World
5
Find the US States
6
5x2 Blitz: Bands
7
Find the Countries of Europe - No Outlines Minefield
8
US States
More Sports Quizzes
2008 European Champions - Manchester United
Curator's Pick
Trending Quizzes
Colored Red Europe Blitz I
Colored Red Europe Blitz II
Colored Red Africa Blitz II
Colored Red Africa Blitz III
Colored Red Europe Blitz III
Recently Updated
Odd Team Out - Big 4 Players
pecheneg
Quick Pick: 20 Twenties
pecheneg
March Madness Men's Triple Doubles
pecheneg
How Do You Spell That?
pecheneg
Godzilla Movies
pecheneg
Grab Bag: 4-10 Letters
pecheneg
2024 March Madness Bracket
pecheneg
Famous TV Couples
Peacemaker
Champions League XIs: Real Madrid
pecheneg
Largest US Cities 1790-2010
pecheneg
Trending Topics
Kpop
Marvel
Disney
Anime
Harry Potter
Crossword
NBA
Puzzle
Pokémon
Country
Song
WWE
NFL
The Office
Soccer
Your Account Isn't Verified!
In order to create a playlist on Sporcle, you need to verify the email address you used during registration. Go to your
Sporcle Settings
to finish the process.
Report this User
Report this user for behavior that violates our
Community Guidelines
.
Details:
Send Report
Go to the Sporcle.com Mobile Site →
Comments